[Event "HUN-chT2 Charousek 1516"]
[Site "Hungary"]
[Date "2016.02.14"]
[Round "5.4"]
[White "Markoja, Boris"]
[Black "Pasztor, Ferenc"]
[Result "1/2-1/2"]
[WhiteElo "2315"]
[BlackElo "2265"]
[PlyCount "56"]
[EventDate "2015.10.18"]
[EventType "team-tourn"]
[EventRounds "9"]
[EventCountry "HUN"]
[SourceTitle "EXT 2017"]
[Source "ChessBase"]
[SourceDate "2016.10.25"]
[SourceVersion "1"]
[SourceVersionDate "2016.10.25"]
[SourceQuality "1"]
[WhiteTeam "Aquaprofit II"]
[BlackTeam "Tapolca Rockwool"]
[WhiteTeamCountry "HUN"]
[BlackTeamCountry "HUN"]

1. c4 c5 2. Nf3 Nc6 3. d4 cxd4 4. Nxd4 Qb6 5. Nc2 Nf6 6. Nc3 e6 7. e3 Be7 8. Be2 0-0 9. 0-0 a6 10. e4 Qc7 11. Bd2 Bc5 12. Kh1 Nd4 13. Nxd4 Bxd4 14. Bf4 e5 15. Qxd4 exd4 16. Bxc7 dxc3 17. Bf3 cxb2 18. Rab1 Ne8 19. Bf4 d6 20. Rxb2 Be6 21. Rc1 Rc8 22. Rxb7 Rxc4 23. Rxc4 Bxc4 24. Rb4 Bxa2 25. Ra4 Bb3 26. Rxa6 f5 27. e5 dxe5 28. Bxe5 Nf6 1/2-1/2

[Event "HUN-chT2 Charousek 1415"]
[Site "Hungary"]
[Date "2014.11.16"]
[Round "2"]
[White "Pasztor, Ferenc"]
[Black "Buzeti, Jernej"]
[Result "1/2-1/2"]
[WhiteElo "2232"]
[BlackElo "2256"]
[PlyCount "32"]
[EventDate "2014.10.12"]
[EventType "team-tourn"]
[EventRounds "9"]
[EventCountry "HUN"]
[SourceTitle "EXT 2016"]
[Source "ChessBase"]
[SourceDate "2015.10.08"]
[SourceVersion "1"]
[SourceVersionDate "2015.10.08"]
[SourceQuality "1"]
[WhiteTeam "Tapolca"]
[BlackTeam "SZASTE"]
[WhiteTeamCountry "HUN"]
[BlackTeamCountry "HUN"]

1. d4 d5 2. Nf3 Nf6 3. c4 c6 4. Nc3 dxc4 5. e3 b5 6. a4 b4 7. Nb1 e6 8. Bxc4 Be7 9. 0-0 0-0 10. a5 Nbd7 11. Nbd2 c5 12. Nb3 Qc7 13. Nxc5 Nxc5 14. dxc5 Qxc5 15. Qd4 Bb7 16. Qxc5 Bxc5 1/2-1/2

[Event "HUN-chT2 Charousek 1314"]
[Site "Hungary"]
[Date "2014.03.23"]
[Round "9"]
[White "Pasztor, Ferenc"]
[Black "Szabolcsi, Janos"]
[Result "0-1"]
[WhiteElo "2207"]
[BlackElo "2353"]
[PlyCount "130"]
[EventDate "2013.09.08"]
[EventType "team-tourn"]
[EventRounds "11"]
[EventCountry "HUN"]
[SourceTitle "EXT 2016"]
[Source "ChessBase"]
[SourceDate "2015.10.08"]
[SourceVersion "1"]
[SourceVersionDate "2015.10.08"]
[SourceQuality "1"]
[WhiteTeam "Tapolca"]
[BlackTeam "Geniusz Tata"]
[WhiteTeamCountry "HUN"]
[BlackTeamCountry "HUN"]

1. d4 d5 2. Nf3 Nf6 3. c4 c6 4. Nc3 e6 5. e3 Nbd7 6. Bd3 dxc4 7. Bxc4 b5 8. Bd3 Bd6 9. e4 e5 10. 0-0 0-0 11. Bg5 Bb7 12. Rc1 exd4 13. Nxd4 Nc5 14. Bb1 h6 15. Bh4 Bf4 16. Rc2 Qd6 17. g3 Be5 18. Nf5 Qxd1 19. Rxd1 Rfd8 20. Bxf6 Bxf6 21. Rcd2 Rxd2 22. Rxd2 Kf8 23. f4 b4 24. Ne2 Rd8 25. Rxd8+ Bxd8 26. Nd6 Ba6 27. Nd4 Nb7 28. N4f5 Bb6+ 29. Kg2 Nc5 30. b3 Bd3 31. Bxd3 Nxd3 32. Nc4 Nc1 33. a4 Nxb3 34. Kf1 Na5 35. Nxa5 Bxa5 36. Ke2 h5 37. Kd3 Bb6 38. h3 g6 39. Nd6 Ke7 40. Nc4 Ke6 41. Ne5 c5 42. Kc4 Bc7 43. Nd3 Bd6 44. Kb3 f6 45. Kc4 Be7 46. Kb3 f5 47. exf5+ Kxf5 48. Ne5 g5 49. Nc6 gxf4 50. gxf4 Bd6 51. Nxa7 Bc7 52. Nc6 Kxf4 53. a5 Kg3 54. a6 Bb6 55. Kc4 Kxh3 56. Kb5 b3 57. Kxb6 b2 58. a7 b1Q+ 59. Ka6 Qa2+ 60. Kb7 Qb3+ 61. Kc7 Qa4 62. Kb6 c4 63. Na5 Qb4+ 64. Ka6 Qd6+ 65. Kb7 Qd7+ 0-1

[Event "Budapest Art Pub Cup 3rd"]
[Site "Budapest"]
[Date "2014.01.03"]
[Round "2"]
[White "Pasztor, Ferenc"]
[Black "Laza, Szabolcs"]
[Result "1-0"]
[WhiteElo "2256"]
[BlackElo "2026"]
[PlyCount "185"]
[EventDate "2014.01.02"]
[EventType "swiss"]
[EventRounds "7"]
[EventCountry "HUN"]
[SourceTitle "CBM 158 Extra"]
[Source "ChessBase"]
[SourceDate "2014.02.28"]
[SourceVersion "1"]
[SourceVersionDate "2014.02.28"]
[SourceQuality "1"]

1. Nf3 d5 2. g3 Nf6 3. Bg2 c6 4. 0-0 Bg4 5. Ne5 Be6 6. d4 Nbd7 7. Nd3 g6 8. Nd2 Bg7 9. c3 0-0 10. Nf3 Bf5 11. Nh4 Be4 12. Bh3 Bxd3 13. exd3 e5 14. dxe5 Nxe5 15. Bf4 Re8 16. Re1 Nh5 17. Be3 Nf6 18. Bd4 Qd6 19. a4 c5 20. Be3 d4 21. cxd4 cxd4 22. Bf4 Nd5 23. Bxe5 Rxe5 24. Rxe5 Bxe5 25. Bg2 Rd8 26. Qb3 b6 27. a5 Nc7 28. axb6 axb6 29. Rc1 Nd5 30. Nf3 Bg7 31. Ra1 Qb4 32. Qc2 Qc5 33. Qe2 Qb5 34. h4 Nb4 35. Ra3 Rc8 36. Ng5 h6 37. Nxf7 Re8 38. Qf3 Qd7 39. Rb3 Nc2 40. Rxb6 Qxf7 41. Qxf7+ Kxf7 42. Bd5+ Kf8 43. Rxg6 Rb8 44. b3 Na1 45. Ra6 Nxb3 46. Ra7 Be5 47. f4 Bd6 48. Rf7+ Ke8 49. Rh7 Bf8 50. Bc6+ Kd8 51. Rd7+ Kc8 52. Rf7 Bd6 53. Kg2 Nc5 54. Kf3 Rb3 55. Be4 Nxd3 56. Bf5+ Kb8 57. Ke4 Rb4 58. Kxd3 Rb3+ 59. Kxd4 Rxg3 60. Ke4 Rg1 61. Be6 Rh1 62. Kd5 Bc7 63. Kc6 Rc1+ 64. Kd7 Rd1+ 65. Ke8 Rd4 66. f5 Rxh4 67. Rh7 Be5 68. Ke7 Kc7 69. f6 Bxf6+ 70. Kxf6+ Kd6 71. Rd7+ Kc5 72. Ke5 Rh5+ 73. Bf5 Kc6 74. Rd3 Kc5 75. Rc3+ Kb4 76. Rc8 Rg5 77. Kf4 Rg1 78. Be4 Rg5 79. Ke3 Rc5 80. Rd8 h5 81. Bd5 Kc3 82. Ke4 h4 83. Rb8 Kc2 84. Kd4 Rc7 85. Be4+ Kd2 86. Rb2+ Kc1 87. Rh2 h3 88. Bd3 Kd1 89. Rxh3 Rd7+ 90. Kc3 Ke1 91. Rf3 Rc7+ 92. Bc4 Ra7 93. Rf1# 1-0

[Event "Zalakaros op 32nd"]
[Site "Zalakaros"]
[Date "2013.05.27"]
[Round "6"]
[White "Csala, Imre"]
[Black "Pasztor, Ferenc"]
[Result "1/2-1/2"]
[WhiteElo "2180"]
[BlackElo "2219"]
[PlyCount "158"]
[EventDate "2013.05.22"]
[EventType "swiss"]
[EventRounds "9"]
[EventCountry "HUN"]
[SourceTitle "CBM 154 Extra"]
[Source "ChessBase"]
[SourceDate "2013.06.25"]
[SourceVersion "2"]
[SourceVersionDate "2013.06.25"]
[SourceQuality "1"]

1. e4 e5 2. Bc4 Nc6 3. Nf3 d6 4. d4 Be7 5. h3 Nf6 6. Nc3 0-0 7. Be3 a6 8. Qe2 b5 9. dxe5 Nxe5 10. Nxe5 dxe5 11. Rd1 Bd6 12. Bd5 Nxd5 13. Nxd5 f5 14. exf5 Bxf5 15. c4 bxc4 16. Qxc4 Rf7 17. b4 Qd7 18. Bc5 Qb5 19. Ne3 Bxc5 20. bxc5 Qxc4 21. Nxc4 Be6 22. Nxe5 Rf5 23. Nd7 Bxa2 24. 0-0 a5 25. Rfe1 a4 26. Re3 Rd5 27. Ra1 Bc4 28. c6 Rd3 29. Re4 Bb3 30. Kh2 Rc3 31. Ne5 a3 32. Rb4 Bd5 33. Rb7 Re8 34. f4 g5 35. Rd1 a2 36. Ra7 Bb3 37. Rd7 Rc8 38. Ng4 Rxc6 39. fxg5 Rf8 40. Nf6+ Rcxf6 41. gxf6 Rxf6 42. Rdxc7 Rf7 43. Rxf7 Bxf7 44. g4 Kg7 45. Kg3 Kf6 46. Kf4 Bc4 47. h4 h6 48. Ra8 Ke6 49. Ra5 Kf6 50. Ra7 Kg6 51. Ke5 Be2 52. Ra4 Bc4 53. Kd4 Be6 54. Ra6 Kf7 55. Ke5 Bxg4 56. Rxa2 h5 57. Ra6 Kg7 58. Kf4 Kf7 59. Kg5 Ke7 60. Rf6 Ke8 61. Kg6 Ke7 62. Rf1 Ke6 63. Re1+ Kd5 64. Kf6 Kd6 65. Re8 Kd5 66. Rh8 Ke4 67. Kg5 Ke5 68. Re8+ Kd6 69. Kf6 Kd5 70. Re7 Kd6 71. Ra7 Kd5 72. Ra6 Bf3 73. Ra5+ Kd6 74. Ra3 Bg4 75. Rd3+ Kc6 76. Kg6 Kc5 77. Rd8 Kc6 78. Kf6 Kc5 79. Ke5 Kc6 1/2-1/2

[Event "Zalakaros op 32nd"]
[Site "Zalakaros"]
[Date "2013.05.26"]
[Round "5"]
[White "Pasztor, Ferenc"]
[Black "Havasi, Gergo"]
[Result "0-1"]
[WhiteElo "2219"]
[BlackElo "2040"]
[PlyCount "62"]
[EventDate "2013.05.22"]
[EventType "swiss"]
[EventRounds "9"]
[EventCountry "HUN"]
[SourceTitle "CBM 154 Extra"]
[Source "ChessBase"]
[SourceDate "2013.06.25"]
[SourceVersion "2"]
[SourceVersionDate "2013.06.25"]
[SourceQuality "1"]

1. d4 Nf6 2. c4 g6 3. Nc3 Bg7 4. e4 d6 5. Be2 0-0 6. Nf3 e5 7. 0-0 Nc6 8. d5 Ne7 9. Ne1 Nd7 10. Be3 f5 11. f3 f4 12. Bf2 g5 13. b4 Nf6 14. c5 Ng6 15. cxd6 cxd6 16. Rc1 Rf7 17. Qc2 g4 18. Nb5 g3 19. hxg3 fxg3 20. Bxg3 Bh6 21. Rb1 a6 22. Nc3 Nh5 23. Bf2 Ngf4 24. g4 Nh3+ 25. Kh1 Bxg4 26. Bd1 Bd7 27. Ng2 Rg7 28. Bh4 Qxh4 29. Nxh4 Ng3+ 30. Kg2 Ne2+ 31. Kh1 Nf2+ 0-1

[Event "Zalakaros op 32nd"]
[Site "Zalakaros"]
[Date "2013.05.24"]
[Round "3"]
[White "Pasztor, Ferenc"]
[Black "Kende, Gyorgy"]
[Result "1-0"]
[WhiteElo "2219"]
[BlackElo "2171"]
[PlyCount "119"]
[EventDate "2013.05.22"]
[EventType "swiss"]
[EventRounds "9"]
[EventCountry "HUN"]
[SourceTitle "CBM 154 Extra"]
[Source "ChessBase"]
[SourceDate "2013.06.25"]
[SourceVersion "2"]
[SourceVersionDate "2013.06.25"]
[SourceQuality "1"]

1. e4 e5 2. Nf3 Nc6 3. Nc3 Nf6 4. Bc4 Bc5 5. 0-0 0-0 6. d3 d6 7. Na4 Bb6 8. Nxb6 axb6 9. Bg5 h6 10. Bh4 Be6 11. Nd2 Qe7 12. h3 g5 13. Bg3 Kh7 14. c3 Rg8 15. Qe2 g4 16. Bh4 gxh3 17. g3 Rg6 18. Kh2 Qd7 19. Bxf6 Rxf6 20. Qh5 Rg8 21. Bxe6 fxe6 22. Qxh3 Qf7 23. Kg2 Ne7 24. f3 Rfg6 25. g4 Rg5 26. Rh1 Qg7 27. Kf2 Ng6 28. Rag1 Nf4 29. Qf1 Qd7 30. Ke3 d5 31. Nb3 c5 32. Rh2 Qc6 33. Rgh1 R8g6 34. c4 Qa4 35. Nc1 b5 36. b3 Qa5 37. Qe1 Qb6 38. Qf1 Kg7 39. Kd2 bxc4 40. bxc4 Qb2+ 41. Kd1 Qd4 42. Qf2 dxe4 43. Qxd4 exd4 44. dxe4 h5 45. gxh5 Rg1+ 46. Rxg1 Rxg1+ 47. Kc2 Kh6 48. Nd3 Nxd3 49. Kxd3 Rf1 50. Rh3 Rd1+ 51. Kc2 Re1 52. Kb3 Re3+ 53. Ka4 b6 54. Kb5 d3 55. Rh1 Rxf3 56. Kxb6 Re3 57. Kxc5 Rxe4 58. Rd1 Re2 59. Rxd3 Rxa2 60. Re3 1-0

[Event "Zalakaros op 32nd"]
[Site "Zalakaros"]
[Date "2013.05.23"]
[Round "2"]
[White "Peczely, Sebastian Zsombor"]
[Black "Pasztor, Ferenc"]
[Result "1/2-1/2"]
[WhiteElo "2147"]
[BlackElo "2219"]
[PlyCount "60"]
[EventDate "2013.05.22"]
[EventType "swiss"]
[EventRounds "9"]
[EventCountry "HUN"]
[SourceTitle "CBM 154 Extra"]
[Source "ChessBase"]
[SourceDate "2013.06.25"]
[SourceVersion "2"]
[SourceVersionDate "2013.06.25"]
[SourceQuality "1"]

1. e4 e5 2. Nf3 Nf6 3. Nxe5 d6 4. Nf3 Nxe4 5. Nc3 Nxc3 6. dxc3 Be7 7. Bf4 Nc6 8. Qd2 Be6 9. 0-0-0 Qd7 10. Kb1 0-0-0 11. Nd4 Ne5 12. Nxe6 Qxe6 13. g3 h6 14. Bg2 c6 15. Rhe1 g5 16. Be3 Nc4 17. Qd4 c5 18. Qd3 Ne5 19. Qb5 Qd7 20. Qxd7+ Rxd7 21. Bxc5 dxc5 22. Rxd7 Kxd7 23. Rxe5 b6 24. a3 Bd6 25. Bh3+ Kd8 26. Rd5 Ke7 27. Bg2 Rd8 28. Rd3 Be5 29. Bd5 f5 30. c4 h5 1/2-1/2

[Event "HUN-chT2 Charousek 1213"]
[Site "Hungary"]
[Date "2012.12.02"]
[Round "5"]
[White "Pasztor, Ferenc"]
[Black "Rovid, Kalman"]
[Result "1/2-1/2"]
[WhiteElo "2209"]
[BlackElo "2242"]
[PlyCount "29"]
[EventDate "2012.09.16"]
[EventType "team-tourn"]
[EventRounds "11"]
[EventCountry "HUN"]
[SourceTitle "EXT 2014"]
[Source "ChessBase"]
[SourceDate "2013.11.20"]
[SourceVersion "1"]
[SourceVersionDate "2013.11.20"]
[SourceQuality "1"]
[WhiteTeam "Kobanya Aquarena"]
[BlackTeam "Haladas II"]
[WhiteTeamCountry "HUN"]
[BlackTeamCountry "HUN"]

1. d4 Nf6 2. Nf3 c5 3. c3 b6 4. g3 Bb7 5. Bg2 d6 6. 0-0 g6 7. Nbd2 Bg7 8. Re1 0-0 9. e4 cxd4 10. cxd4 Nc6 11. a3 Nd7 12. d5 Nce5 13. Nxe5 Nxe5 14. Nf3 Nxf3+ 15. Bxf3 1/2-1/2

[Event "Balatonalmadi Pannonia Cup 17th"]
[Site "Balatonalmadi"]
[Date "2012.07.28"]
[Round "5"]
[White "Pasztor, Ferenc"]
[Black "Szabo, Kristof"]
[Result "0-1"]
[WhiteElo "2233"]
[BlackElo "2047"]
[PlyCount "98"]
[EventDate "2012.07.25"]
[EventType "swiss"]
[EventRounds "7"]
[EventCountry "HUN"]
[SourceTitle "EXT 2016"]
[Source "ChessBase"]
[SourceDate "2015.10.08"]
[SourceVersion "1"]
[SourceVersionDate "2015.10.08"]
[SourceQuality "1"]

1. Nf3 Nf6 2. d4 e6 3. g3 Nc6 4. Bg2 Be7 5. 0-0 0-0 6. c4 d6 7. Nc3 e5 8. d5 Nb8 9. a3 Bg4 10. Nd2 Qc8 11. f3 Bh3 12. Rf2 Bxg2 13. Kxg2 Nbd7 14. Nf1 Nh5 15. e3 f5 16. h3 Nhf6 17. Qc2 g6 18. g4 fxg4 19. fxg4 Kg7 20. e4 h5 21. g5 Nh7 22. Rxf8 Ndxf8 23. Qd3 Bxg5 24. Qg3 Qd8 25. c5 a6 26. cxd6 cxd6 27. Bd2 Rc8 28. Ne3 Bf4 29. Qf2 Qg5+ 30. Kh1 Bxe3 31. Bxe3 Qf6 32. Qe2 Nd7 33. Rg1 Qh4 34. Qg2 Ndf8 35. Bf2 Qf4 36. Bg3 Qf6 37. Rf1 Qg5 38. Qf3 Rc7 39. h4 Qd2 40. Rf2 Qc1+ 41. Kg2 Re7 42. Nd1 Nd7 43. Ne3 Ndf6 44. Rc2 Qb1 45. Kh2 Ng4+ 46. Nxg4 Qxc2+ 47. Nf2 Rf7 48. Qe3 Qxb2 49. Kg1 Nf6 0-1

[Event "HUN-chT2 Charousek 0910"]
[Site "Hungary"]
[Date "2010.03.14"]
[Round "5"]
[White "Lorand, Norbert"]
[Black "Pasztor, Ferenc"]
[Result "1/2-1/2"]
[WhiteElo "2339"]
[BlackElo "2227"]
[PlyCount "131"]
[EventDate "2009.11.08"]
[EventType "team-tourn"]
[EventRounds "11"]
[EventCountry "HUN"]
[SourceTitle "EXT 2011"]
[Source "ChessBase"]
[SourceDate "2010.11.26"]
[SourceVersion "1"]
[SourceVersionDate "2010.11.26"]
[SourceQuality "1"]
[WhiteTeam "Taban Spartacus"]
[BlackTeam "Tapolca"]
[WhiteTeamCountry "HUN"]
[BlackTeamCountry "HUN"]

1. e4 e5 2. Nf3 Nf6 3. d4 Nxe4 4. Bd3 d5 5. Nxe5 Nd7 6. Qe2 Nxe5 7. Bxe4 dxe4 8. Qxe4 Bb4+ 9. c3 0-0 10. dxe5 Bd6 11. 0-0 Re8 12. f4 f6 13. Be3 fxe5 14. f5 Qf6 15. Nd2 Rf8 16. g4 Bd7 17. Qxb7 Qh4 18. Qg2 Rab8 19. Bf2 Qe7 20. b3 Ba3 21. Rae1 Bd6 22. Rd1 Kh8 23. Rfe1 a5 24. Nc4 a4 25. b4 Bb5 26. Ne3 Ba6 27. Bg3 Rfe8 28. a3 Qf7 29. Qd5 Qf6 30. c4 Bb7 31. Qd2 Bf3 32. Rc1 e4 33. Bxd6 cxd6 34. Qf2 g6 35. fxg6 hxg6 36. Qg3 Rbd8 37. Rc2 Kg7 38. Nd5 Qd4+ 39. Qf2 Qe5 40. Rd2 Bxg4 41. Qd4 Bf3 42. b5 Qxd4+ 43. Rxd4 Re5 44. Rd2 Rf8 45. h4 Rh8 46. Kf2 Rxh4 47. Ke3 Bg4 48. Nc3 Rh3+ 49. Kd4 e3 50. Rd3 Rh4 51. Rdxe3 Bf5+ 52. Ne4 Kf7 53. b6 Ke6 54. b7 Rh8 55. c5 Bxe4 56. Rxe4 dxc5+ 57. Kc4 Rxe4+ 58. Rxe4+ Kd6 59. Kb5 Kc7 60. Re7+ Kb8 61. Kxa4 g5 62. Kb5 c4 63. Kxc4 Rg8 64. Kd3 g4 65. Ke2 Rg6 66. Kf2 1/2-1/2

[Event "HUN-chT2 Barcza 0910"]
[Site "Hungary"]
[Date "2010.02.14"]
[Round "6.4"]
[White "Mate, Balazs"]
[Black "Pasztor, Ferenc"]
[Result "1-0"]
[WhiteElo "2159"]
[BlackElo "2084"]
[PlyCount "73"]
[EventDate "2009.11.08"]
[EventType "team-tourn"]
[EventRounds "11"]
[EventCountry "HUN"]
[SourceTitle "EXT 2011"]
[Source "ChessBase"]
[SourceDate "2010.11.26"]
[SourceVersion "1"]
[SourceVersionDate "2010.11.26"]
[SourceQuality "1"]
[WhiteTeam "HSSE"]
[BlackTeam "SSASSE"]
[WhiteTeamCountry "HUN"]
[BlackTeamCountry "HUN"]

1. d4 Nf6 2. Nf3 d5 3. c4 g6 4. g3 c6 5. cxd5 cxd5 6. Bg2 Bg7 7. Nc3 0-0 8. Bf4 Nc6 9. Ne5 Qb6 10. Nxc6 bxc6 11. Qd2 Bf5 12. Na4 Qb5 13. Nc5 Ne4 14. Nxe4 Bxe4 15. f3 Bf5 16. Be3 Rab8 17. b3 c5 18. 0-0 cxd4 19. Bxd4 Bxd4+ 20. Qxd4 Qb6 21. Qxb6 axb6 22. Rfd1 Rfd8 23. Rac1 e5 24. e4 dxe4 25. fxe4 Be6 26. Kf2 Rxd1 27. Rxd1 Kf8 28. Rc1 Ke7 29. Ke3 Kd6 30. Bf1 Ra8 31. Rc2 Ra5 32. Kd2 g5 33. Bd3 h6 34. Kc3 f6 35. Kb4 Bd7 36. a4 Ra8 37. Bb5 1-0

[Event "HUN-chT2 Barcza 0809"]
[Site "Hungary"]
[Date "2009.04.05"]
[Round "10.6"]
[White "Pasztor, Ferenc"]
[Black "Suto, Gabor"]
[Result "1/2-1/2"]
[WhiteElo "2093"]
[BlackElo "2243"]
[PlyCount "133"]
[EventDate "2008.10.26"]
[EventType "team-tourn"]
[EventRounds "11"]
[EventCountry "HUN"]
[SourceTitle "EXT 2010"]
[Source "ChessBase"]
[SourceDate "2010.11.25"]
[SourceVersion "1"]
[SourceVersionDate "2010.11.25"]
[SourceQuality "1"]
[WhiteTeam "SSASSE"]
[BlackTeam "Nyiregyhaza"]
[WhiteTeamCountry "HUN"]
[BlackTeamCountry "HUN"]

1. d4 Nf6 2. Nf3 e6 3. c4 Bb4+ 4. Bd2 c5 5. e3 0-0 6. Be2 b6 7. 0-0 Bb7 8. a3 Bxd2 9. Nbxd2 cxd4 10. exd4 d6 11. Re1 Nbd7 12. Bd3 d5 13. Rc1 Qe7 14. Qe2 Rfd8 15. Ne5 Rac8 16. Nxd7 Rxd7 17. cxd5 Rxc1 18. Rxc1 Nxd5 19. Qe5 Rc7 20. Rxc7 Qxc7 21. Qxc7 Nxc7 22. f3 Kf8 23. Kf2 Ke7 24. Ne4 Bc6 25. Nc3 f5 26. f4 Kd6 27. g3 a5 28. Be2 Ne8 29. Bf3 Nf6 30. Bxc6 Kxc6 31. Ke2 b5 32. Nd1 Ne4 33. Kd3 h6 34. b3 g5 35. Ke3 Kd5 36. Kd3 gxf4 37. gxf4 Nf6 38. Ne3+ Kc6 39. a4 h5 40. h4 bxa4 41. bxa4 Nd5 42. Ng2 Nb6 43. Ne3 Nxa4 44. d5+ exd5 45. Nxf5 Nc5+ 46. Kd4 Ne6+ 47. Ke5 Nxf4 48. Kxf4 Kc5 49. Ke3 Kc4 50. Nd6+ Kb4 51. Kd3 a4 52. Nf5 a3 53. Nd4 a2 54. Nc2+ Kb3 55. Na1+ Kb2 56. Nc2 Kc1 57. Na1 Kd1 58. Nc2 d4 59. Na1 Ke1 60. Kxd4 Kd2 61. Kc4 Ke3 62. Kc3 Kf4 63. Kd4 Kg4 64. Ke4 Kxh4 65. Kf4 Kh3 66. Kf3 Kh2 67. Kf2 1/2-1/2

[Event "HUN-chT2 Barcza 0809"]
[Site "Hungary"]
[Date "2009.01.25"]
[Round "6.6"]
[White "Pasztor, Ferenc"]
[Black "Duzs, Jozsef"]
[Result "1/2-1/2"]
[WhiteElo "2093"]
[BlackElo "2085"]
[PlyCount "30"]
[EventDate "2008.10.26"]
[EventType "team-tourn"]
[EventRounds "11"]
[EventCountry "HUN"]
[SourceTitle "EXT 2010"]
[Source "ChessBase"]
[SourceDate "2010.11.25"]
[SourceVersion "1"]
[SourceVersionDate "2010.11.25"]
[SourceQuality "1"]
[WhiteTeam "SSASSE"]
[BlackTeam "Edeleny"]
[WhiteTeamCountry "HUN"]
[BlackTeamCountry "HUN"]

1. d4 d5 2. Nf3 Nf6 3. c4 e6 4. Nc3 Nbd7 5. Bg5 Be7 6. e3 h6 7. Bh4 b6 8. cxd5 Nxd5 9. Nxd5 exd5 10. Bxe7 Qxe7 11. Be2 Qb4+ 12. Qd2 Qxd2+ 13. Nxd2 c5 14. dxc5 Nxc5 15. Bb5+ Bd7 1/2-1/2

[Event "HUN-chT2 Barcza 0809"]
[Site "Hungary"]
[Date "2009.01.11"]
[Round "5.6"]
[White "Farkas, Lajos1111"]
[Black "Pasztor, Ferenc"]
[Result "1/2-1/2"]
[WhiteElo "1964"]
[BlackElo "2093"]
[PlyCount "120"]
[EventDate "2008.10.26"]
[EventType "team-tourn"]
[EventRounds "11"]
[EventCountry "HUN"]
[SourceTitle "EXT 2010"]
[Source "ChessBase"]
[SourceDate "2010.11.25"]
[SourceVersion "1"]
[SourceVersionDate "2010.11.25"]
[SourceQuality "1"]
[WhiteTeam "Debrecen Betu"]
[BlackTeam "SSASSE"]
[WhiteTeamCountry "HUN"]
[BlackTeamCountry "HUN"]

1. e4 c5 2. Nf3 d6 3. d4 cxd4 4. Nxd4 Nf6 5. Nc3 a6 6. Be2 e5 7. Nb3 Be7 8. Be3 Be6 9. 0-0 0-0 10. f4 exf4 11. Bxf4 Nc6 12. Bf3 Ne5 13. h3 Rc8 14. Kh2 b5 15. Bxe5 dxe5 16. Rf2 Qc7 17. Rd2 Rfd8 18. a3 h6 19. g3 Rxd2+ 20. Nxd2 Rd8 21. Qe2 b4 22. axb4 Bxb4 23. Nf1 Bc4 24. Qg2 a5 25. Nd1 Qb6 26. b3 Be6 27. Ra2 Nxe4 28. Bxe4 Rxd1 29. c4 Rd8 30. Nd2 Qe3 31. Bd5 Bxd5 32. cxd5 Qd4 33. d6 Qxd6 34. Nc4 Qc5 35. Re2 f6 36. h4 Qd4 37. Kh3 Qc5 38. Ra2 Bc3 39. Qc2 Bb4 40. Kh2 Rd4 41. Qg6 Rd1 42. Rg2 Qc6 43. Nxe5 Qe6 44. Qc2 Rd5 45. Ng6 Rc5 46. Qd3 Rc3 47. Qd8+ Kh7 48. Nf4 Qc8 49. Qd1 Qf5 50. Rb2 Qe4 51. Re2 Qf3 52. Qb1+ Kg8 53. Re8+ Bf8 54. Qe1 Rc2+ 55. Kg1 Qc6 56. Qe6+ Qxe6 57. Nxe6 Kf7 58. Rxf8+ Kxe6 59. Ra8 Rc3 60. Kf2 Rxb3 1/2-1/2

[Event "HUN-chT2 Charousek 0506"]
[Site "Hungary"]
[Date "2006.04.09"]
[Round "10"]
[White "Gergacz, Attila"]
[Black "Pasztor, Ferenc"]
[Result "1/2-1/2"]
[WhiteElo "2209"]
[BlackElo "2311"]
[PlyCount "35"]
[EventDate "2005.10.16"]
[EventType "team"]
[EventRounds "11"]
[EventCountry "HUN"]
[SourceTitle "EXT 2009"]
[Source "ChessBase"]
[SourceDate "2008.11.26"]
[SourceVersion "1"]
[SourceVersionDate "2008.11.26"]
[SourceQuality "1"]
[WhiteTeam "Szentgotthard"]
[BlackTeam "Tapolca"]
[WhiteTeamCountry "HUN"]
[BlackTeamCountry "HUN"]

1. e4 e5 2. Nf3 Nf6 3. d4 Nxe4 4. Bd3 d5 5. Nxe5 Nd7 6. Nxd7 Bxd7 7. 0-0 Bd6 8. c4 Qh4 9. g3 Qh3 10. cxd5 Nf6 11. Re1+ Kf8 12. Bf1 Qf5 13. Nc3 Re8 14. Rxe8+ Kxe8 15. Bd3 Qh3 16. Bf1 Qf5 17. Bd3 Qh3 18. Bf1 1/2-1/2

[Event "HUN-chT2 Charousek 0506"]
[Site "Hungary"]
[Date "2005.11.27"]
[Round "4"]
[White "Farkas, Zsolt"]
[Black "Pasztor, Ferenc"]
[Result "1/2-1/2"]
[WhiteElo "2235"]
[BlackElo "2311"]
[PlyCount "51"]
[EventDate "2005.10.16"]
[EventType "team"]
[EventRounds "11"]
[EventCountry "HUN"]
[SourceTitle "EXT 2009"]
[Source "ChessBase"]
[SourceDate "2008.11.26"]
[SourceVersion "1"]
[SourceVersionDate "2008.11.26"]
[SourceQuality "1"]
[WhiteTeam "Csuti II"]
[BlackTeam "Tapolca"]
[WhiteTeamCountry "HUN"]
[BlackTeamCountry "HUN"]

1. e4 e5 2. Nc3 Nf6 3. f4 d5 4. fxe5 Nxe4 5. d3 Nxc3 6. bxc3 d4 7. Nf3 c5 8. Be2 Nc6 9. 0-0 Be7 10. Qe1 h6 11. Qg3 g6 12. Rb1 dxc3 13. d4 Be6 14. Rxb7 cxd4 15. Bb5 Rc8 16. Qf4 Bc5 17. Kh1 g5 18. Qe4 Qd5 19. Qe2 Kf8 20. Bxg5 Na5 21. Nxd4 Qxd4 22. Qh5 Nxb7 23. Bxh6+ Rxh6 24. Qxh6+ Kg8 25. Qg5+ Kf8 26. Qh6+ 1/2-1/2